Statistics for Billy Joel Lyrics Quiz (Part 98)

Click here to take the quiz!

General Stats

  • This quiz has been taken 26 times
    (20 since last reset)
  • The average score is 163 of 292

Answer Stats

Answer% Correct
I
100%
in
94%
the
94%
you
94%
When
89%
go
83%
it
83%
be
78%
can
78%
do
78%
is
78%
where
78%
And
72%
and
72%
But
72%
how
72%
I’m
72%
night
72%
night,
72%
see
72%
so
72%
So
72%
they
72%
to
72%
we
72%
We
72%
on
67%
what
67%
will
67%
come
61%
day
61%
not
61%
You’ll
61%
you’re
61%
have
56%
I’ll
56%
It’s
56%
never
56%
that
56%
their
56%
As
50%
as
50%
been
50%
going
50%
like
50%
my
50%
now
50%
Now
50%
of
50%
our
50%
they’re
50%
this
50%
time
50%
Until
50%
until
50%
we’ll
50%
We’ll
50%
we’re
50%
ever
44%
has
44%
just
44%
over
44%
up
44%
After
39%
again
39%
down
39%
every
39%
forever
39%
goes
39%
gone
39%
leave
39%
man
39%
might
39%
Today
39%
ask
33%
did
33%
done
33%
feel
33%
gonna
33%
into
33%
keep
33%
light
33%
live
33%
make
33%
many
33%
morning
33%
separate
33%
than
33%
though
33%
waiting
33%
ways
33%
while
33%
woman
33%
before
28%
Before
28%
easy
28%
last
28%
must
28%
sun
28%
anymore
22%
believe
22%
dawn
22%
end
22%
feels
22%
getting
22%
give
22%
holding
22%
long
22%
More
22%
wrong
22%
broken
17%
different
17%
lonely
17%
open
17%
sleep
17%
tears
17%
beginning
11%
cars
11%
changed
11%
closer
11%
closing
11%
evening
11%
faces
11%
fears
11%
headlights
11%
hearts,
11%
lovers
11%
older
11%
pour
11%
situations
11%
starting
11%
strangers
11%
street
11%
total
11%
touch
11%
turn
11%
wonder
11%
afraid
6%
unsure,
6%

Score Distribution

Percentile by Number Answered

Percent of People with Each Score

Your Score History

You have not taken this quiz since the last reset